00345pab a2200133 454500008004000000100002100040245006900061260000900130300001400139362000800153650001000161700002400171773001600195180718b2010   xxu||||| |||| 00| 0 eng d  aCornwall, Andrea  aWomen's empowerment: contentions and contestations: Introduction  c2010  ap.144-49.  aJun  aWomen  aAnyidoho, Nana Akua  aDevelopment